|
|
|
|
| LEADER |
01111nam a2200217 a 4500 |
| 001 |
GR-MES80 |
| 008 |
991111s1972 enk 000 b eng d |
| 020 |
|
|
|a 0126133301
|
| 040 |
|
|
|a GrPaTEI
|b gre
|c GR-PaULI
|
| 245 |
0 |
0 |
|a Diseases of fish :
|b The proceedings of a Symposium organized jointly by The Fisheries Society of the British Isles and the Zoological Society of London, held at The Zoological Society of London on 20 and 21 May, 1971.
|
| 260 |
|
|
|a London :
|b Academic press,
|c 1972 c1972
|
| 300 |
|
|
|a xxiv, 380σελ. :
|b εικ.
|
| 490 |
0 |
|
|a Symposia of the Zoological Society of London ;
|v 30
|
| 500 |
|
|
|a Περιέχει βιβλιογραφικές αναφορές
|
| 650 |
|
4 |
|a Ψάρια-Αρρώστειες
|
| 650 |
|
4 |
|a Ψάρια-Παθολογία
|
| 700 |
1 |
|
|a Mawdesley-Thomas, Lionel E.
|
| 942 |
|
|
|2 ddc
|
| 952 |
|
|
|0 0
|1 0
|2 ddc
|4 0
|6 597_000000000000000_MAW
|7 0
|9 263345
|a MSLG
|b MSLG
|c BSC
|d 2021-01-17
|e 24
|f 0
|g 0.00
|l 0
|o 597 MAW
|p 2420000000006
|r 2021-01-17 00:00:00
|t 1
|w 2021-01-17
|y BK15
|x ΑΠΩΛΕΙΑ ΒΙΒΛΙΟΥ
|x 19991111 0 1
|x GrPaTEI
|
| 971 |
|
|
|a .b25711210
|b 15-04-20
|c 13-09-16
|
| 999 |
|
|
|c 151572
|d 151572
|